000
00307nam a22001217a 4500
008
160507b xxu||||| |||| 00| 0 eng d
020
_a
9780805365665
020
_a
0805365664
041
_a
eng
080
_a
573
245
_a
Biology:
_c
Neil A. Campbell; Jane B.Reece; Lawrence G. Mitchell;
942
_2
udc
_c
BK
999
_c
1918
_d
1918